000 00589nam a2200217Ia 4500
005 20250425161827.0
008 250425s9999 xx 000 0 und d
020 _a9978861858
041 _aspa
082 _a341.02636
245 0 _aLEY DE REGIMEN TRIBUTARIO INTERNO, REGLAMENTOS
250 _a40A ED.
260 _aEcuador
_bCORPORACION DE ESTUDIOS Y PUBLICACIONES
_c1996
260 _aS.L.
300 _a279
500 _av. 7-3 actualizada a mayo de 1996
650 _aLEY DE REGIMEN TRIBUTARIO
650 _aREGLAMENTOS DE HIDROCARBUROS
942 _c01
010 _a31338
999 _c216913
_d216913